Countries that Border Algeria - Statistics

General Stats
  • This quiz has been taken 82 times
  • The average score is 6 of 6
Answer Stats
Length (Miles) Country % Correct
1,376 Mali
100%
982 Libya
98%
1,601 Morocco
98%
956 Niger
97%
965 Tunisia
97%
463 Mauritania
88%
No matching quizzes found
Score Distribution
Percent of People with Each Score
Percentile by Number Answered
Your Score History
You have not taken this quiz